Регионална библиотека "Любен Каравелов" - Русе

В света на киното (Запис номер 115758)

MARC детайли
000 -Лидер
Контролно поле с фиксирана дължина 01505nam a2200361 c 4500
003 - Код на организацията, давaща контролен номер
Контролно поле BLK
005 - Дата и час на последна редакция
Контролно поле 20210604154620.0
008 - Елементи от данни с фиксирана дължина
fixed length control field 180409b bul|||||r ||||||| ||bul||
010 ## - Наследен системен номер
LC control number KNG00121254000
040 ## - Източник на каталожния запис
Идентификатор на билиотеката - собственик на записа BLK
041 ## - Код за език
Код за езика на текст/звукозапис или на отделно заглавие Български
Код за езика КДБФ Български
080 ## - УДК
Текстов определител УДК Киноизкуство. Кинофилми
УДК код - определител по УДК 791.43
УДК - код + определител 791.43
139 ## - Редно поле
Редна дума В света на киното
Авторски знак В - В 11
245 10 - Сведения за заглавието
Заглавие В света на киното
Подзаглавни данни Ил. справочник в 3 т.
Редно поле (дума) състав. Александър Александров; науч. ред. Тодор Андрейков.
Том Т. 1
257 ## - Страна на издаване
Страна на създаване/издаване България
260 ## - Област на издателските данни
Име на издателя, разпространителя и проч. Нар. просв.
Година на издаване 1982 -
300 ## - Физическа характеристика
Размери/Мащаб 30 см
380 ## - Жанр
Жанр Изкуство
650 #4 - Допълнително описание по предмет – тема
Основно описание – тема или топоним Кино
9 (RLIN) 158500
650 #4 - Допълнително описание по предмет – тема
Основно описание – тема или топоним Кино - енциклопедии и справочници
9 (RLIN) 277599
653 ## - Ключова дума – ненормативна
Ключова дума кино
653 ## - Ключова дума – ненормативна
Ключова дума справочници
653 ## - Ключова дума – ненормативна
Ключова дума филми
653 ## - Ключова дума – ненормативна
Ключова дума свят
700 1# - Други автори (авторска отговорност)
Лично име Александров, Александър
Автороска отговорност (Описва отношението между автора и произведението) състав.
Друга информация Тенев, Теньо Динев
9 (RLIN) 363341
700 1# - Други автори (авторска отговорност)
Лично име Андрейков, Тодор
Автороска отговорност (Описва отношението между автора и произведението) науч. ред.
9 (RLIN) 314322
760 1# - Описание на основната серия
Място на издаване, издател и година 1983
Страници - том 549 с. : с ил., портр.
Забележка - том Съдърж. Речник на кинематогр. термини. - Библиогр. с. 521-549
Заглавие Т. 1
852 ## - Местоположение
Форматна сигнатура Цб ІІ 6299
856 4# - Електронен адрес и достъп
Електронен формат pdf - файл
856 4# - Електронен адрес и достъп
Електронен формат pdf - файл
999 ## - СИСТЕМНИ КОНТРОЛНИ НОМЕРА
Koha biblionumber 115758
Koha biblioitemnumber 115758
942 ## - АРТИКУЛИ
Вид на библиотечния материал Книги
Скрит в OPAC Не
Периодичен библиозапис Да
944 ## - СЪЗДАВАНЕ И РЕДАКЦИЯ на ЗАПИСА
Създаване/Редакция Създаване
Дата на регистрацията/редакция 08.02.2011
Статус, дата на статуса добави в АБ / 07.02.2011
Служител, извършил регистрацията/редакцията Ирена_Линкова
944 ## - СЪЗДАВАНЕ И РЕДАКЦИЯ на ЗАПИСА
Създаване/Редакция Редакция
Дата на регистрацията/редакция 14.01.2015
Статус, дата на статуса добави в АБ / 07.02.2011
Служител, извършил регистрацията/редакцията Ирена_Линкова
999 ## - СИСТЕМНИ КОНТРОЛНИ НОМЕРА
Koha biblioitemnumber 115758
Наличности
Код за отписване Код за изгубен артикул Източник на класификационната схема Код за повреда Коз за рестрикции Код за отдаване Артикулен № Име на библиотеката - собственик Име на библиотеката, в която се намира в момента Статус (Текущо местоположение) Дата на вписване в системата Местоположение - отдел Цена в лева Инвентарен номер Систематично азбучна сигнатура Баркод Номер на екземпляра Цена в евро Служебна бележка Служебен тип на артикула
  Не е изгубен Universal Decimal Classification Не е повреден без рестрикции заемане за дома 186165 Регионална библиотека "Любен Каравелов" Русе Регионална библиотека "Любен Каравелов" Русе Отдел Изкуство - подръчен фонд 1983-01-01 Отдел Изкуство - подръчен фонд 11.70 385583 791.43/В 11 120000385583 1 5.98 N: стар фонд Дата: 01.01.1983 Дата инв: 08.06.2012 Бележки инв: * Книги
Изтеглен Не е изгубен Universal Decimal Classification Не е повреден без рестрикции заемане за дома 186166 Регионална библиотека "Любен Каравелов" Русе Регионална библиотека "Любен Каравелов" Русе Отдел Изкуство - подръчен фонд 1983-01-01 Отдел Изкуство - подръчен фонд 11.70 541977 791.43/В 11 541977 2 5.98 Дост: DA Вид: А N: сф Дата: 01.01.1983 Дата инв: 05.04.2017 Бележки инв: ИП2017 Книги
  Не е изгубен Universal Decimal Classification Не е повреден само за читалня ползва се в читалня 186167 Регионална библиотека "Любен Каравелов" Русе Регионална библиотека "Любен Каравелов" Русе Изкуство - справочен фонд 1983-01-01 Изкуство - справочен фонд 5.00 634320 791.43/В 11 120000634320 3 2.56 Дост: DA Вид: А N: сф Дата: 01.01.1983 Дата инв: 05.04.2017 Бележки инв: ИП2017 Книги
Изтеглен Не е изгубен Universal Decimal Classification Не е повреден без рестрикции заемане за дома 186168 Регионална библиотека "Любен Каравелов" Русе Регионална библиотека "Любен Каравелов" Русе Отдел Изкуство - подръчен фонд 1983-01-01 Отдел Изкуство - подръчен фонд 11.70 539417 791.43/В 11 539417 4 5.98 Дост: DA Вид: А N: сф Дата: 01.01.1983 Дата инв: 05.04.2017 Бележки инв: ИП2017 Книги
  Не е изгубен Universal Decimal Classification Не е повреден само за читалня ползва се в читалня 186169 Регионална библиотека "Любен Каравелов" Русе Регионална библиотека "Любен Каравелов" Русе Хранилище 1983-01-01 Хранилище 11.70 386259 Цб ІІ 6299 120000386259 5 5.98 Дост: Dp Вид: Д N: стар фонд Дата: 01.01.1983 Книги
Vip Innovations Ltd, Rousse, Bulgaria 2025